Pays en N en 1 minute - Statistiques

Statistiques générales
  • Ce quiz a été pris 353 fois
  • Le résultat moyen est 6 sur 8
Statistiques - réponses
Pays en "N" % Correct
Namibie
85%
Nicaragua
75%
Niger
75%
Nigeria
74%
Nouvelle-zélande
69%
Népal
67%
Norvège
67%
Nauru
60%
Aucun quiz correspondant
Distribution des résultats
% des personnes avec chaque résultat
Percentile par nombre de réponses
Votre historique - résultats
Vous n’avez pas pris ce quiz